=LDR 00000nam 2200000 4500 =001 INLIS000000000014766 =005 20130612110037 =008 ***********************************Ind** =035 ##$$0010-061300000014766 =041 ##$$a Ind =082 ##$$a 610.736 =090 ##$$a 610.736, Tow b =100 ##$$a Townsend, Mary C =245 ##$$a Buku saku diagnosa keperawatan pada keperawatan psikiatri, Pedoman untuk pembuatan rencana perawatan, Mary C. Townsend; alih bahasa, Novi Helena C. Daulima; editor, Monica Ester =260 ##$$a 1998 $b Jakarta =300 ##$$a xxi, 452 hlm, Ilus, 19 cm =650 ##$$a Perawat dan perawatan penyakit psikiatris =700 ##$$a Daulima, Novi Helena C =850 ##$$a NBPNMAT